| 000 | 00474nam a2200169Ia 4500 | ||
|---|---|---|---|
| 999 |
_c12138 _d12138 |
||
| 003 | OSt | ||
| 005 | 20201014160613.0 | ||
| 008 | 190216s9999||||xx |||||||||||||| ||und|| | ||
| 040 | _coclc | ||
| 082 |
_a823.09 _bWAT/R |
||
| 100 |
_aWatt, Ian _95061 |
||
| 245 | 4 |
_aThe Rise Of The Novel / _cIan Watt |
|
| 260 |
_bPenguin Books, _c1957. _aAustralia : |
||
| 300 | _a334p | ||
| 650 | _aEnglish Literature | ||
| 942 |
_cBK _2ddc _h823.09 _iWAT/R _k823.09 _mWAT/R |
||